000 00580nam a2200193 a 4500
005 20210223130913.0
008 071128s2005 mx r 000 0 spa d
020 _a9685830401
035 _aUPN01000168471
049 _aI
050 4 _aPZ7
_bJ4.37
100 1 _aJefferies, Cindy
245 1 0 _aEscuela de fama :
_bestrellas del mañana /
_cCindy Jefferies ; tr. Alicia Lorefice.
260 _aMéxico :
_bLumen,
_c2005.
300 _a123, [17] p.
650 4 _aPARQUE ROCKLEY (LUGAR IMAGINARIO) -
_vLITERATURA JUVENIL
_911176
650 4 _aCANTANTES
_96063
905 _aInfantil
999 _c140578
_d140578